Climate Change Effects on Agriculture and Economy (Record no. 14600)
[ view plain ]
| 000 -LEADER | |
|---|---|
| fixed length control field | 00375nam a22001457a 4500 |
| 020 ## - INTERNATIONAL STANDARD BOOK NUMBER | |
| ISBN | 9788176222785 |
| 082 ## - DEWEY DECIMAL CLASSIFICATION NUMBER | |
| Classification number | 630.25150954 |
| Item number | KHA/CL |
| 245 ## - TITLE STATEMENT | |
| Title | Climate Change Effects on Agriculture and Economy |
| 260 ## - PUBLICATION, DISTRIBUTION, ETC. (IMPRINT) | |
| Place of publication | New Delhi |
| Name of publisher | Biotech Books |
| Year of publication | 2013 |
| 300 ## - PHYSICAL DESCRIPTION | |
| Number of Pages | 355 |
| 700 ## - ADDED ENTRY--PERSONAL NAME | |
| Personal name | Khanna,D.R. |
| 700 ## - ADDED ENTRY--PERSONAL NAME | |
| Personal name | Chopra,A.K. |
| 700 ## - ADDED ENTRY--PERSONAL NAME | |
| Personal name | Vikas Singh |
| 942 ## - ADDED ENTRY ELEMENTS (KOHA) | |
| Koha item type | Books |
| Withdrawn status | Lost status | Damaged status | Collection code | Home library | Current library | Shelving location | Date acquired | Source of acquisition | Cost, normal purchase price | Full call number | Accession Number | Koha item type |
|---|---|---|---|---|---|---|---|---|---|---|---|---|
| KAUAET | KAUAET | General Stacks | 20/07/2016 | Southern Book Star, Tvm | 1600.00 | 630.25150954 KHA/CL | 24891 | Books |
